| 000 | 00484nam a2200169 a 4500 | ||
|---|---|---|---|
| 005 | 20140311163005.0 | ||
| 008 | 041028s19uu xx 00 eng d | ||
| 020 | _a9715361056 | ||
| 050 |
_aPL 5539.J43 _b.J772s 2001 |
||
| 100 | _aJose, Sionil | ||
| 245 |
_aGagamba : _bthe spider man / _cSionil Jose |
||
| 260 |
_aManila, Philippines : _bSolidaridad Pub. House, _c2001. |
||
| 300 |
_a121 p. : _c23 cm. |
||
| 650 |
_aPhilippines _xFiction. |
||
| 942 |
_cBK _2lcc _kFLIR |
||
| 999 |
_c39306 _d39306 |
||